000 00603nam a22002295a 4500
001 86770
003 ASAB
005 20180827062715.0
008 950926s1994 pl 000 0 eng
010 _a 95207937
020 _a978-93-5030-001-5
040 _aDLC
_cASAB
082 _a363.7
100 _aAditya Bhatnagar
_92344
245 0 0 _aProtection of environment :
_cAditya Bhatnagar
260 _aIndia
_bOxford Book Company
_c2010
300 _a295 p.
630 _aEnvironment
_93673
906 _a0
_bibc
_corignew
_d3
_encip
_f19
_gy-gencatlg
942 _2ddc
_cBK
999 _c480339
_d480339